000 00348nam a2200145Ia 4500
008 240624s9999 xx 000 0 und d
041 _aeng
082 _a332.6 KOL
100 _aKOLB ROBERT
245 _aUNDERSTANDING FUTURES MARKETS
250 _a(6th ed.)
260 _c2006
_aVictoria
_bWiley-Blackwell
300 _a624 : p.
365 _c
_b27
999 _c18323
_d18323